Using of botanical pesticide of cashew trees in santuk and brasat sambo district kompong thom province ការប្រើប្រាស់ថ្នាំពុលធម្មជាតិលើដំណាំស្វាយចន្ទីនៅស្រុកសន្ទុក និងស្រុកប្រសាទសំបូរ ខេត្តកំពង់ធំ (Record no. 864)
[ view plain ]
| 000 -LEADER | |
|---|---|
| fixed length control field | 00739nam a22001577a 4500 |
| 003 - CONTROL NUMBER IDENTIFIER | |
| control field | OSt |
| 005 - DATE AND TIME OF LATEST TRANSACTION | |
| control field | 20150920082118.0 |
| 008 - FIXED-LENGTH DATA ELEMENTS--GENERAL INFORMATION | |
| fixed length control field | 150920b xxu||||| |||| 00| 0 eng d |
| 040 ## - CATALOGING SOURCE | |
| Transcribing agency | RUA |
| 082 ## - DEWEY DECIMAL CLASSIFICATION NUMBER | |
| Classification number | AGR THA 2008 B038 Or.1 |
| 100 ## - MAIN ENTRY--PERSONAL NAME | |
| 9 (RLIN) | 896 |
| Personal name | THAN, SEYHA. |
| 245 ## - TITLE STATEMENT | |
| Title | Using of botanical pesticide of cashew trees in santuk and brasat sambo district kompong thom province ការប្រើប្រាស់ថ្នាំពុលធម្មជាតិលើដំណាំស្វាយចន្ទីនៅស្រុកសន្ទុក និងស្រុកប្រសាទសំបូរ ខេត្តកំពង់ធំ |
| 260 ## - PUBLICATION, DISTRIBUTION, ETC. (IMPRINT) | |
| Place of publication, distribution, etc. | Phnom Penh |
| Name of publisher, distributor, etc. | RUA |
| Date of publication, distribution, etc. | 2008 |
| 300 ## - PHYSICAL DESCRIPTION | |
| Extent | x; 47p. |
| Other physical details | ill. |
| Dimensions | 29cm. |
| 942 ## - ADDED ENTRY ELEMENTS (KOHA) | |
| Source of classification or shelving scheme | |
| Koha item type | AGR |
| Price effective from | Date last seen | Permanent Location | Not for loan | Date acquired | Source of classification or shelving scheme | Koha item type | Lost status | Withdrawn status | Total Renewals | Date last checked out | Total Checkouts | Shelving location | Damaged status | Barcode | Current Location | Full call number |
|---|---|---|---|---|---|---|---|---|---|---|---|---|---|---|---|---|
| 2015-09-20 | 2025-09-04 | Library Block B | 2015-09-20 | AGR | 2 | 2025-08-18 | 4 | B038 | RUA002205 | Library Block B | AGR THA 2008 B038 Or.1 | |||||
| 2015-09-20 | 2026-01-02 | Library Block B | 2015-09-20 | AGR | 2025-11-26 | 4 | B038 | RUA002354 | Library Block B | AGR THA 2008 B038 Or.2 | ||||||
| 2015-09-20 | 2015-09-20 | Library Block B | 2015-09-20 | AGR | B038 | RUA002282 | Library Block B | AGR THA 2008 B038 Or.3 | ||||||||
| 2015-09-20 | 2025-07-04 | Library Block B | 2015-09-20 | AGR | 2025-06-12 | 1 | B038 | RUA002210 | Library Block B | AGR THA 2008 B038 Or.4 | ||||||
| 2015-09-20 | 2016-10-18 | Library Block B | 2015-09-20 | AGR | 2016-09-23 | 1 | B038 | RUA002493 | Library Block B | AGR THA 2008 B038 Or.5 | ||||||
| 2015-09-20 | 2025-07-03 | Library Block B | 2015-09-20 | AGR | 2025-06-13 | 3 | B038 | RUA002066 | Library Block B | AGR THA 2008 B038 Or.6 |